Messages on the resurrection. (Record no. 7593)

000 -LEADER
fixed length control field 00633nam a2200193 a 4500
001 - CONTROL NUMBER
control field :::00005354$&:&@@
003 - CONTROL NUMBER IDENTIFIER
control field OkBaRHE
005 - DATE AND TIME OF LATEST TRANSACTION
control field 20091120133038.0
008 - FIXED-LENGTH DATA ELEMENTS--GENERAL INFORMATION
fixed length control field s1959 j 000 0 eng u
040 ## - CATALOGING SOURCE
Transcribing agency
100 1# - MAIN ENTRY--PERSONAL NAME
Personal name Hobbs, Herschel H.
245 10 - TITLE STATEMENT
Title Messages on the resurrection.
260 ## - PUBLICATION, DISTRIBUTION, ETC. (IMPRINT)
Place of publication, distribution, etc Grand Rapids, MI., :
Name of publisher, distributor, etc Baker Book House
Date of publication, distribution, etc c1959
300 ## - PHYSICAL DESCRIPTION
Extent 87 p. ;
Dimensions 20 cm.
650 ## - SUBJECT ADDED ENTRY--TOPICAL TERM
Topical term or geographic name as entry element Bible New Testament 1 Corinthians 15
General subdivision Criticism, Interpretation, etc.
650 ## - SUBJECT ADDED ENTRY--TOPICAL TERM
Topical term or geographic name as entry element Jesus Christ
General subdivision Resurrection
942 ## - ADDED ENTRY ELEMENTS (KOHA)
Source of classification or shelving scheme
Koha item type Books
Copies
Date acquired Withdrawn status Permanent Location Full call number Barcode Price effective from Lost status Source of classification or shelving scheme Not for loan Shelving location Damaged status Koha item type Date last seen Copy number
2010-04-14 RHEMA Bible Training CollegeBT 481 .H5653542010-04-14   General Stacks Books2010-04-141